000 00894nam a22002297a 4500
999 _c10301
_d10301
003 AR-CdUCM
008 190329b ||||| |||| 00| 0 spa d
040 _aMUNICIPALIDAD PROVINCIAL DEL CUSCO
_cBIBLIOTECA MUNICIPAL DEL CUSCO
082 _22ed.
_aES / 800 /
_bK18
100 _aKalidasa
_927087
245 _aSakuntalá /
260 _aEspaña :
_bAraluce,
_c1960.
300 _a151 paginas ;
_c15 cm.
440 _aColección araluce.
_927026
505 _aContenido :El rey Duschanta persigue una gacela -- A la sombra de os arboles de la selva sagrada -- Las tres doncellas -- Los ermitaños piden auxilio contra los Rakasas -- El asceta mendigo pronuncia su terrible maldición .
650 _aLiteratura
_983
650 _aSiglo xx
_916688
700 _aEulate, Carmela (Adaptadora)
_927088
700 _aLopez Morello, R, (ilustrador)
_927089
942 _2ddc
_cLIBROS
945 _arum